Trump : el arte de la negociación /
Guardado en:
| Autor Principal: | |
|---|---|
| Otros Autores: | |
| Formato: | Libro |
| Idioma: | Spanish English |
| Publicado: |
Bogotá :
Grijalbo,
c1988.
|
| Series: | Economía y empresa (Editorial Grijalbo)
|
| Materias: | |
| Etiquetas: |
Agregar Etiqueta
Sin Etiquetas, Sea el primero en etiquetar este registro!
|
| LEADER | 00882nam a2200277 a 4500 | ||
|---|---|---|---|
| 001 | EAD.ead000180 | ||
| 008 | 900419s1988####sp##############1###spa## | ||
| 005 | 20171212125607.0 | ||
| 245 | 1 | 0 | |a Trump : |b el arte de la negociación / |c Donald J. Trump, Tony Schwartz. |
| 260 | |a Bogotá : |b Grijalbo, |c c1988. | ||
| 300 | |a 269 p. ; |c 21 cm. | ||
| 490 | 1 | |a Economía y empresa | |
| 500 | |a Traducción de: Trump | ||
| 500 | |a Incluye índice onomástico. | ||
| 020 | |a 8425320291 | ||
| 100 | 1 | 0 | |a Trump, Donald, |d 1946- |
| 700 | 1 | 0 | |a Schwartz, Tony, |d 1952- |
| 830 | 0 | |a Economía y empresa (Editorial Grijalbo) | |
| 082 | 0 | 4 | |a 658.4052 |2 21 |
| 650 | 7 | |a Negociación. |2 unbist | |
| 653 | |a Lectura recreativa | ||
| 010 | |z SAB9000079086 | ||
| 019 | |a B 23080-1988 | ||
| 040 | |a M-BN-DP |b spa |c M-BN-DP | ||
| 041 | 1 | |a spa |h eng | |
| 859 | |a AR-BaBDC |b BIB. ADMINISTRACION - Libros |h 658.4052 |i T772 |p b02682 | ||
